Отчизна доверяет нам судьбу: стихи и проза молодых

Bibliografske podrobnosti
Drugi avtorji: Перкин В. (составитель), Абакумов Н. А. (иллюстратор)
Izvleček:К 70-летию Советской Армии
Jezik:ruščina
Izdano: Москва, Современник, 1989
Teme:
Format: Knjiga
KOHA link:https://koha.lib.tpu.ru/cgi-bin/koha/opac-detail.pl?biblionumber=146205

MARC

LEADER 00000nam0a2200000 4500
001 146205
005 20231031144523.0
010 |a 5270001853 
020 |a RU  |b 89-19145 
035 |a (RuTPU)RU\TPU\book\158472 
090 |a 146205 
100 |a 20081028d1989 m y0rusy5003 ca 
101 0 |a rus 
102 |a RU 
105 |a a z 010ay 
200 1 |a Отчизна доверяет нам судьбу  |e стихи и проза молодых  |f сост. В. Перкин ; худож. Н. А. Абакумов 
210 |a Москва  |c Современник  |d 1989 
215 |a 318,[1] с.  |c ил.  |d 22 см 
300 |a К 70-летию Советской Армии 
610 1 |a советская литература 
610 1 |a проза 
610 1 |a стихи 
610 1 |a Советская Армия 
610 1 |a Афганистан 
675 |a Р2  |z rus 
702 1 |a Перкин  |b В.  |4 220 
702 1 |a Абакумов  |b Н. А.  |4 440 
801 0 |a RU  |b RuMRKP  |c 19950417  |g psbo 
801 1 |a RU  |b 63413507  |c 20081028  |g PSBO 
801 2 |a RU  |b 63413507  |c 20081028  |g PSBO 
942 |c BK